000 00617nam a2200205Ii 4500
003 JO-AjNU
008 230606s9999||||xx |||||||||||||| ||und||
020 _a978-007-128942-9
040 _aJO-AjNU
_beng
_erda
_cJO-AjNU
041 _aeng
050 1 4 _aQA267.5.S4 M29 1991
100 3 _a Martin, John C. ,
_eauthor
_92210
245 0 0 _a Introduction to languages and the theory of computation . 
264 3 1 _aMcGraw-Hill, 
300 _a463p
336 _atext
_btxt
_2rdacontent
337 _aunmediated
_bn
_2rdamedia
338 _avolume
_bnc
_2rdacarrier
650 4 _aSequential machinary theory 
_92211
999 _aE1158
_c1158
_d1158